[Event "Bern op"]
[Site "Bern"]
[Date "1995.??.??"]
[Round "6"]
[White "Hodgson, Julian M"]
[Black "Tukmakov, Vladimir B"]
[Result "1/2-1/2"]
[WhiteElo "2580"]
[BlackElo "2585"]

1.d4 Nf6 2.Bg5 Ne4 3.h4 d5 4.Nd2 Bf5 5.e3 Nxd2 6.Qxd2 Nd7 7.Nf3 h6 8.Bf4 e6
9.Ne5 Bd6 10.h5 Nxe5 11.Bxe5 O-O 12.Bxd6 Qxd6 13.Bd3 Bxd3 14.cxd3 Rac8 15.Rc1 c5
16.dxc5 Rxc5 17.Rxc5 Qxc5 18.Qc3 Rc8 19.Qxc5 Rxc5 20.Kd2 Kf8  1/2-1/2

[Event "Bern op"]
[Site "Bern"]
[Date "1995.??.??"]
[Round "8"]
[White "Hodgson, Julian M"]
[Black "Kengis, Edvins"]
[Result "1/2-1/2"]
[WhiteElo "2580"]
[BlackElo "2575"]

1.d4 Nf6 2.Bg5 Ne4 3.Bf4 c5 4.f3 Qa5+ 5.c3 Nf6 6.Nd2 cxd4 7.Nb3 Qb6 8.cxd4 e6
9.Bd2 Nc6 10.e3 Bb4 11.Ne2 Bxd2+ 12.Qxd2 O-O 13.Nc3 d6 14.g4 e5 15.d5 Ne7
16.O-O-O a5 17.Kb1 a4 18.Nc1 a3 19.b3 Ra5 20.Bc4 Bd7 21.N1e2 Re8 22.Ka1 Qb4
23.Ne4 Qxd2 24.Nxf6+ gxf6 25.Rxd2 f5 26.e4 fxg4 27.fxg4 Ng6 28.h3 Rea8 29.Kb1 Kg7
30.Rf1 f6 31.Bd3  1/2-1/2

[Event "Bern op"]
[Site "Bern"]
[Date "1995.??.??"]
[Round "9"]
[White "Hodgson, Julian M"]
[Black "Suetin, Alexey S"]
[Result "1/2-1/2"]
[WhiteElo "2580"]
[BlackElo "2430"]

1.d4 Nf6 2.Bg5 Ne4 3.Bf4 c5 4.f3 Qa5+ 5.c3 Nf6 6.Nd2 cxd4 7.Nb3 Qb6 8.cxd4 e6
9.Bd2 Nc6 10.e3 a5 11.a4 Bb4 12.Bb5 Nd5 13.Qe2 O-O 14.Nh3 d6 15.Ng5 e5 16.Bxb4 Ndxb4
17.dxe5 dxe5 18.Rd1 h6 19.Ne4 Bf5 20.O-O Rad8 21.Bc4 Qc7 22.Rc1 Qe7 23.Nbc5 b6
24.Ng3 Bc8 25.Nce4 Be6 26.Nd2 Rc8 27.Rc3 Bxc4 28.Nxc4 Nd5 29.Rcc1 Ncb4 30.b3 Qe6
31.Rfd1 Rfd8 32.Qb2 f6 33.Qb1 Ne7 34.Ne4 Rb8 35.Ned6 Nc8 36.Nb5 Ne7 37.Ncd6 Ned5
38.Nf5 Rbc8 39.Nxh6+ gxh6 40.Qg6+ Kf8 41.Qxh6+ Kf7 42.Rxc8 Qxc8 43.Qh7+ Ke6
44.Qh3+ Ke7 45.Qh7+ Ke6 46.Qh3+ Ke7  1/2-1/2

[Event "Biel"]
[Site "Biel"]
[Date "1995.??.??"]
[Round "9"]
[White "Milov, Vadim"]
[Black "Gelfand, Boris"]
[Result "1/2-1/2"]
[WhiteElo "2570"]
[BlackElo "2685"]

1.d4 Nf6 2.Bg5 Ne4 3.Bf4 d5 4.f3 Nf6 5.e4 dxe4 6.Nc3 e3 7.Bxe3 e6 8.Nge2 Nbd7
9.Ng3 Be7 10.Qd3 O-O 11.O-O-O a6 12.Nge4 Nd5 13.h4 b6 14.Nxd5 exd5 15.Ng5 Nf6
16.Bf4 c5 17.dxc5  1/2-1/2

[Event "Biel Credis op"]
[Site "Biel"]
[Date "1995.??.??"]
[Round "11"]
[White "Zichichi, Alvise"]
[Black "Wyss, Thomas"]
[Result "1-0"]
[WhiteElo "2315"]
[BlackElo "2255"]

1.d4 Nf6 2.Bg5 Ne4 3.Bf4 d5 4.f3 Nf6 5.Nc3 e6 6.e4 Bb4 7.Qd3 c6 8.Ne2 b6
9.a3 Ba6 10.Qe3 Bxc3+ 11.Nxc3 Bxf1 12.Rxf1 O-O 13.Bg5 h6 14.Bxf6 Qxf6 15.O-O-O Na6
16.f4 Nc7 17.g4 Qe7 18.g5 hxg5 19.fxg5 b5 20.Rf3 b4 21.axb4 a5 22.b5 a4 23.b6 a3
24.bxc7 a2 25.Nxa2 Rxa2 26.Kb1 Ra7 27.exd5 Rfa8 28.c8=Q+ Rxc8 29.g6 Rca8
30.c3 Ra1+ 31.Kc2 Rxd1 32.Kxd1 Ra1+ 33.Kc2 Qa7 34.gxf7+ Kf8 35.dxe6 Qa4+
36.Kd3 Qb5+ 37.c4 Qb3+ 38.Ke4 Qc2+ 39.Ke5 Ra5+ 40.c5  1-0

[Event "GER-ch"]
[Site "Binz"]
[Date "1995.??.??"]
[Round "4"]
[White "Reddmann, Hauke"]
[Black "Womacka, Mathias"]
[Result "1/2-1/2"]
[WhiteElo "2285"]
[BlackElo "2490"]

1.d4 Nf6 2.Bg5 Ne4 3.Bf4 c5 4.f3 Qa5+ 5.c3 Nf6 6.d5 e6 7.dxe6 fxe6 8.e4 Nc6
9.Na3 Qd8 10.Bd6 Bxd6 11.Qxd6 Qe7  1/2-1/2

[Event "Bled op"]
[Site "Bled"]
[Date "1995.??.??"]
[Round "7"]
[White "Soffer, Ram"]
[Black "Tratar, Marko"]
[Result "0-1"]
[WhiteElo "2535"]
[BlackElo "2420"]

1.d4 Nf6 2.Bg5 Ne4 3.Bf4 d5 4.f3 Nf6 5.Nc3 c5 6.e4 dxe4 7.d5 exf3 8.Nxf3 a6
9.a4 g6 10.Bc4 Bg7 11.O-O O-O 12.Qd2 Ne8 13.Rae1 Nd6 14.Ba2 Nd7 15.Bh6 b5
16.Ne4 Bb7 17.Nxd6 exd6 18.Re4 Re8 19.Rh4 Bh8 20.Ng5 Nf6 21.Rhf4 Bc8 22.c4 Bf5
23.h3 Ne4 24.Nxe4 Rxe4 25.g4 Bd4+ 26.Kg2 Qh4 27.gxf5 Qxh6 28.fxg6 hxg6 29.R4f2 Qxd2
30.Rxd2 bxa4 31.Bb1 Re5 32.Bc2 Rae8 33.Bxa4 Re2+ 34.Rxe2 Rxe2+ 35.Kg3 Rxb2
36.Be8 Rb7 37.Rf3 Be5+ 38.Kg4 Kg7 39.Ra3 Rb4 40.Ra4 Rb3 41.Rxa6 Rg3+ 42.Kh4 Rg1  0-1

[Event "Bled op"]
[Site "Bled"]
[Date "1995.??.??"]
[Round "9"]
[White "Bukal, Vladimir Jr"]
[Black "Jazbinsek, Sebastjan"]
[Result "1-0"]
[WhiteElo "2335"]
[BlackElo "2210"]

1.d4 Nf6 2.Bg5 Ne4 3.h4 c5 4.dxc5 Nxc5 5.Nf3 Nc6 6.Nbd2 d6 7.e4 h6 8.Be3 Bg4
9.e5 e6 10.exd6 Bxd6 11.Nc4 Be7 12.Qxd8+ Rxd8 13.Nce5 Bxf3 14.Nxf3 O-O 15.Bb5 Nb4
16.O-O b6 17.c3 Nd5 18.Bd4 Ne4 19.a4 Nd6 20.Rfd1 Rc8 21.Ba6 Rcd8 22.Bf1 Nf5
23.g3 a5 24.Bh3 Nxd4 25.Nxd4 Kh7 26.Nc6 Rc8 27.Nxe7 Nxe7 28.Rd7 Nd5 29.Bg2 Rcd8
30.Rb7 Rb8 31.Be4+ f5 32.Bxd5 exd5 33.Rxb8 Rxb8 34.Rd1 Rd8 35.h5 g6 36.hxg6+ Kxg6
37.Kg2 Kf6 38.Kf3 Ke6 39.Rh1 d4 40.Rxh6+ Ke5 41.cxd4+ Rxd4 42.Rxb6 Rxa4 43.Rb8 Ke6
44.Ke3 Kf6 45.f3 Kg6 46.b3 Ra3 47.Kf4 a4 48.Rb6+ Kg7 49.bxa4  1-0

[Event "SWE-ch"]
[Site "Borlange"]
[Date "1995.??.??"]
[Round "1"]
[White "Ornstein, Axel"]
[Black "Jonsson, M."]
[Result "1-0"]
[WhiteElo "2450"]
[BlackElo "2335"]

1.d4 Nf6 2.Bg5 Ne4 3.Bf4 d6 4.Nd2 f5 5.Nxe4 fxe4 6.f3 Bf5 7.fxe4 Bxe4 8.Nf3 e6
9.e3 Be7 10.Bd3 Bxd3 11.Qxd3 Nc6 12.O-O-O g5 13.Bg3 Qd7 14.e4 g4 15.Nd2 O-O-O
16.d5 exd5 17.exd5 Nb4 18.Qc4 Na6 19.Nb3 Rde8 20.Bf2 Kb8 21.Nd4 Nc5 22.Rhe1 Qa4
23.Qxa4 Nxa4 24.Ne6 Nc5 25.Ng7 Bg5+ 26.Kb1 Rxe1 27.Rxe1 Nd7 28.Bd4 Bf6 29.Bxf6 Nxf6
30.c4 Nd7 31.Re7 Ne5 32.b3 Ng6 33.Rf7 Ne5 34.Rf5 b6 35.Kc2 Kc8 36.Ne6 Kd7
37.Rg5 Re8 38.Rg7+ Re7 39.Nf8+ Ke8 40.Rxe7+ Kxe7 41.Nxh7 Ng6 42.h3 gxh3 43.gxh3 Nf4
44.Ng5 Kf6 45.Ne6 Nxh3 46.Nxc7 Ke5 47.Kc3 Nf4 48.Kb4 Nd3+ 49.Kb5 Nc1 50.Ka6 Nxa2
51.Kxa7 Nc1 52.b4 Nd3 53.b5 Kd4 54.Kxb6 Kxc4 55.Ka7  1-0

[Event "AUS-sf Brisbane"]
[Site "Brisbane"]
[Date "1995.??.??"]
[Round "3"]
[White "Myers, John"]
[Black "Leskiewicz, Maksymilian"]
[Result "1-0"]
[WhiteElo "2055"]
[BlackElo "2155"]

1.d4 Nf6 2.Bg5 Ne4 3.Bf4 d5 4.f3 Nf6 5.e4 dxe4 6.Nc3 c5 7.d5 exf3 8.Nxf3 g6
9.Bb5+ Bd7 10.Qe2 Bg7 11.O-O O-O 12.Bc4 Bf5 13.Rfe1 a6 14.a4 Re8 15.Rad1 Nbd7
16.d6 exd6 17.Bxf7+ Kh8 18.Bxe8 Nxe8 19.Bxd6 Qb6 20.Qxe8+ Rxe8 21.Rxe8+ Nf8
22.Bxf8 Bxf8 23.Rxf8+ Kg7 24.Rfd8 Qxb2 25.Nd5 Qxc2 26.Ne3 Qxa4 27.Nxf5+ gxf5
28.R1d7+ Kf6 29.Rxb7 Qa1+ 30.Kf2 Qa2+ 31.Rd2 Qe6 32.Rbd7  1-0

[Event "Spring op"]
[Site "Budapest"]
[Date "1995.??.??"]
[Round "?"]
[White "Mueller, Mat"]
[Black "Videki, Sandor"]
[Result "1/2-1/2"]
[WhiteElo "2375"]
[BlackElo "2455"]

1.d4 Nf6 2.Bg5 Ne4 3.Bf4 d5 4.Nd2 Bf5 5.Nxe4 Bxe4 6.e3 e6 7.Nf3 Be7 8.Bd3 O-O
9.O-O Bxd3 10.Qxd3 c5 11.dxc5 Bxc5 12.e4 dxe4 13.Qxe4 Nc6 14.c3 a5 15.Ng5 g6
16.Rad1 Qe7 17.Qc4 e5 18.Bc1 Ba7 19.Ne4 Kg7 20.Bg5 f6 21.Be3 Rfd8 22.Nc5 Bxc5
23.Bxc5 Qc7 24.Qb5 Qf7  1/2-1/2

[Event "Budapest FS07 IM-B"]
[Site "Budapest"]
[Date "1995.??.??"]
[Round "?"]
[White "Arnold, Ferenc"]
[Black "Zaitsev, Vadim"]
[Result "0-1"]
[WhiteElo "2355"]
[BlackElo "2350"]

1.d4 Nf6 2.Bg5 Ne4 3.Bf4 g6 4.f3 Nf6 5.e4 Bg7 6.Nc3 d6 7.Qd2 h6 8.O-O-O Nc6
9.g4 h5 10.e5 Ng8 11.e6 Nxd4 12.exf7+ Kxf7 13.Nge2 c5 14.Nxd4 cxd4 15.Bc4+ Kf8
16.Nd5 hxg4 17.fxg4 Bxg4 18.Rhf1 Bf5 19.Bg5 Nf6 20.Bxf6 exf6 21.Qxd4 Rc8
22.Kb1 Bxc2+ 23.Kxc2 b5 24.Kb1 Rxc4 25.Qxa7 Rxh2 26.Nf4 Qe8 27.Ka1 f5 28.Nxg6+ Qxg6
29.Qb8+ Kf7 30.Rxd6 Bxb2+ 31.Kb1 Bf6 32.Rd7+ Be7 33.Qxh2 Rb4+ 34.Kc1 Qc6+
35.Qc2 Rc4 36.Rxf5+ Ke6 37.Rxe7+ Kxe7 38.Rf2 Rxc2+ 39.Rxc2 Qe4 40.Kb2 Qb4+
41.Kc1 Qa3+ 42.Kb1 Kd6 43.Rb2 Kc5 44.Rb3 Qa8 45.Rc3+ Kb4 46.Rb3+ Kc4  0-1

[Event "Spring op"]
[Site "Budapest"]
[Date "1995.??.??"]
[Round "?"]
[White "Mueller, Mat"]
[Black "Dekic, Josip"]
[Result "0-1"]
[WhiteElo "2375"]
[BlackElo "2340"]

1.d4 Nf6 2.Bg5 Ne4 3.Bf4 c5 4.f3 Qa5+ 5.c3 Nf6 6.Nd2 cxd4 7.Nb3 Qb6 8.Qxd4 Nc6
9.Qxb6 axb6 10.e4 d5 11.e5 Nd7 12.Bb5 Nc5 13.Nxc5 bxc5 14.Be3 e6 15.f4 Bd7
16.Be2 Be7 17.Nf3 O-O 18.O-O f6 19.a3 fxe5 20.Nxe5 Nxe5 21.fxe5 Ra4 22.Rxf8+ Bxf8
23.Bd3 g6 24.Rf1 b6 25.Bg5 Bg7 26.Re1 b5 27.Be7 Bf8 28.Bxf8 Kxf8 29.g3 b4
30.Rf1+ Ke7 31.cxb4 cxb4 32.Rf4 bxa3 33.Rxa4 Bxa4 34.bxa3 Kd7 35.Ba6 Kc7
36.Kf2 Bd7 37.Ke3 Kb6 38.Be2 Kc5 39.Bf3 Kc4 40.Be2+ Kc3 41.h4 d4+ 42.Ke4 h6
43.Kf4 Ba4 44.Bg4 Bb3 45.a4 d3 46.a5 Kc2 47.Ke4 Bd5+ 48.Kd4 d2 49.Kc5 d1=Q
50.Bxd1+ Kxd1 51.Kd6 Ke2 52.Ke7 g5 53.Kf6 g4  0-1

[Event "Buenos Aires Clarin op"]
[Site "Buenos Aires"]
[Date "1995.??.??"]
[Round "6"]
[White "Panno, Oscar"]
[Black "Giardelli, Sergio C"]
[Result "1/2-1/2"]
[WhiteElo "2530"]
[BlackElo "2465"]

1.d4 Nf6 2.Bg5 Ne4 3.Bf4 d5 4.Nd2 Nxd2 5.Qxd2 e6 6.e3 Bd6 7.Nf3 O-O 8.Bd3 c5
9.c3 Nc6 10.Bg3 b6 11.O-O Bb7 12.Rad1 Qe7 13.Bxd6  1/2-1/2

[Event "Cannes Martinez op"]
[Site "Cannes"]
[Date "1995.??.??"]
[Round "3"]
[White "Sallen, Laurent"]
[Black "Berthelot, Yannick"]
[Result "1-0"]
[WhiteElo "2165"]
[BlackElo "2285"]

1.d4 Nf6 2.Bg5 Ne4 3.h4 c5 4.d5 Qb6 5.Nd2 Nxg5 6.hxg5 Qxb2 7.g6 fxg6 8.e4 Qf6
9.Ngf3 e5 10.dxe6 Nc6 11.exd7+ Bxd7 12.Rb1 O-O-O 13.Bc4 Be6 14.Qe2 Nd4 15.Nxd4 Rxd4
16.O-O Be7 17.c3 Bxc4 18.Nxc4 Rd7 19.Rb3 Qe6 20.Rfb1 Bd8 21.e5 Re8 22.Qe4 Ree7
23.Rxb7 Rxb7 24.Rxb7 Rxb7 25.Nd6+ Kd7 26.Qxb7+ Bc7 27.Qc8+  1-0

[Event "Cannes op"]
[Site "Cannes"]
[Date "1995.??.??"]
[Round "5"]
[White "Lukasiewicz, Grzegorz"]
[Black "Berthelot, Yannick"]
[Result "1-0"]
[WhiteElo "2355"]
[BlackElo "2255"]

1.d4 Nf6 2.Bg5 Ne4 3.h4 d5 4.Nd2 Nxg5 5.hxg5 Bf5 6.e3 e6 7.Ndf3 Be7 8.Bd3 Be4
9.g6 Bxg6 10.Bxg6 fxg6 11.Ne5 O-O 12.Qg4 Rf6 13.Ngf3 Nd7 14.Rxh7 Nxe5 15.dxe5 Rxf3
16.Qxg6 Rxe3+ 17.Kf1  1-0

[Event "Cannes Martinez"]
[Site "Cannes"]
[Date "1995.??.??"]
[Round "5"]
[White "Bezold, Michael"]
[Black "Koch, Jean Rene"]
[Result "0-1"]
[WhiteElo "2495"]
[BlackElo "2495"]

1.d4 Nf6 2.Bg5 Ne4 3.Bf4 d5 4.Nd2 Bf5 5.Nxe4 Bxe4 6.f3 Bg6 7.h4 h5 8.e3 e6
9.Ne2 c5 10.c3 Nc6 11.Bg3 cxd4 12.exd4 Bd6 13.Bxd6 Qxd6 14.Qd2 f6 15.Nf4 Bf7
16.Bb5 O-O-O 17.O-O-O Ne7 18.Kb1 e5 19.dxe5 fxe5 20.Nh3 Bg6+ 21.Ka1 Qf6 22.Ng5 Kb8
23.Rhe1 Nf5 24.Qe2 e4 25.fxe4 Nxh4 26.Qe3 Qe5 27.exd5 Qxe3 28.Rxe3 Nxg2 29.Re7 Nf4
30.c4 h4 31.Bd7 h3 32.b3 h2 33.Rh1 Nd3 34.Nf3 Bh5 35.Nd4 Rdf8 36.Bc6 Rf7
37.Re3 Bg6 38.a4 Nf2 39.Rxh2 Rxh2 40.Re8+ Kc7 41.Ne6+ Kd6 42.c5+ Ke5 43.Nd8+ Kd4
44.Nxf7 Nd3 45.Rh8 Rf2 46.d6 Bxf7 47.d7 Rf1+ 48.Ka2 Kc3 49.Rh1 Bxb3+ 50.Ka3 Rxh1
51.Bxh1 Ne5 52.Bd5 Nxd7 53.Bxb3 Nxc5 54.Bd5 a5 55.Bh1 b6 56.Bf3 g5 57.Bh5 Nd3  0-1

[Event "Cannes Martinez op"]
[Site "Cannes"]
[Date "1995.??.??"]
[Round "7"]
[White "Sallen, Laurent"]
[Black "Rivello, Roberto"]
[Result "0-1"]
[WhiteElo "2165"]
[BlackElo "2265"]

1.d4 Nf6 2.Bg5 Ne4 3.h4 d5 4.Nd2 Nxg5 5.hxg5 Bf5 6.e3 e6 7.Ndf3 Be7 8.Bd3 c6
9.Bxf5 exf5 10.Qd3 g6 11.Nh3 Nd7 12.O-O-O Qa5 13.Kb1 O-O-O 14.Nf4 h5 15.gxh6 Rh7
16.Rh2 Rdh8 17.Rdh1 Qd8 18.c4 dxc4 19.Qxc4 Bd6 20.g3 Bf8 21.Nd3 f6 22.Nf4 Qe8
23.Qd3 Rxh6 24.Rxh6 Rxh6 25.Rxh6 Bxh6 26.Nh4 Bxf4 27.exf4 Nb6 28.Kc2 Qf7
29.Qb3 Nd5 30.Qa3 Qh7 31.Nf3 Qh5 32.Nd2 Qe2 33.Qf8+ Kc7 34.Qf7+ Kb6  0-1

[Event "Cappelle op"]
[Site "Cappelle la Grande"]
[Date "1995.??.??"]
[Round "1"]
[White "McCamon, Boyd"]
[Black "Klovans, Janis"]
[Result "1-0"]
[WhiteElo "2295"]
[BlackElo "2500"]

1.d4 Nf6 2.Bg5 Ne4 3.Bf4 c5 4.f3 Nf6 5.dxc5 Qa5+ 6.Nc3 Qxc5 7.e4 a6 8.Qd2 d6
9.g4 Be6 10.Nge2 Nc6 11.Be3 Ne5 12.Kf2 Qb4 13.Nf4 Rc8 14.Nd3 Nxd3+ 15.cxd3 g6
16.d4 Bg7 17.h4 Bxg4 18.a3 Qb3 19.fxg4 Nxg4+ 20.Kg3 Nxe3 21.Qxe3 Qxb2 22.Rc1 O-O
23.Bh3 e6 24.Ne2 b5 25.Rxc8 Rxc8 26.d5 Kf8 27.Kg2 exd5 28.exd5 Be5 29.Rf1 Qa2
30.Qd3 Re8 31.Rf2 Qa1 32.h5 Kg7 33.Qe3 Re7 34.h6+ Kf8 35.Qb6 Qxa3 36.Be6 f5
37.Qd8+ Re8 38.Qd7 Re7 39.Qd8+ Re8 40.Qd7 Re7 41.Qc8+ Re8 42.Qd7 Re7 43.Qd8+ Re8
44.Qg5 Re7 45.Rxf5+ Ke8 46.Rxe5 dxe5 47.Qxe5 Rb7 48.d6  1-0

[Event "Cappelle op"]
[Site "Cappelle la Grande"]
[Date "1995.??.??"]
[Round "2"]
[White "Beikert, Guenther"]
[Black "Frolov, Artur"]
[Result "1-0"]
[WhiteElo "2440"]
[BlackElo "2545"]

1.d4 Nf6 2.Bg5 Ne4 3.Bf4 d5 4.f3 Nf6 5.Nc3 e6 6.e4 Bb4 7.a3 Bxc3+ 8.bxc3 dxe4
9.fxe4 Nxe4 10.Bd3 Nxc3 11.Qg4 g6 12.Be5 O-O 13.Nf3 Nc6 14.h4 f5 15.Qf4 Nxe5
16.dxe5 Qe7 17.h5 Nd5 18.Qh6 Qg7 19.hxg6 Qxh6 20.Rxh6 hxg6 21.Ng5 Re8 22.Kd2 Kf8
23.Rh7 Nf4 24.Rah1 Nh5 25.Rf7+ Kg8 26.g4 fxg4 27.Bxg6 Rd8+ 28.Ke3 Ng3 29.Rhh7 Nf5+
30.Bxf5 exf5 31.Rhg7+ Kh8 32.Nh7 Rg8 33.Nf6  1-0

[Event "Cappelle op"]
[Site "Cappelle la Grande"]
[Date "1995.??.??"]
[Round "3"]
[White "Miladinovic, Igor"]
[Black "Nemet, Ivan"]
[Result "1-0"]
[WhiteElo "2535"]
[BlackElo "2420"]

1.d4 Nf6 2.Bg5 Ne4 3.h4 c5 4.dxc5 Na6 5.Qd4 Naxc5 6.Nc3 Nxg5 7.hxg5 Ne6 8.Qd2 g6
9.Nd5 Bg7 10.c3 d6 11.g3 O-O 12.Bg2 Bd7 13.Nh3 Bc6 14.Kf1 Re8 15.Bf3 Nf8
16.Ne3 Nd7 17.Kg2 Rc8 18.Rad1 Qa5 19.a3 Ne5 20.Bxc6 Rxc6 21.f4 Nd7 22.Nf2 Qb5
23.Nfg4 a5 24.Nh6+ Bxh6 25.Rxh6 Rc5 26.Rdh1 Nf8 27.Kf2 a4 28.R6h4 Qb6 29.Ke1 Rb5
30.Nd5 Qc5 31.Nb4 Qf5 32.g4 Qe4 33.Qd4 Qxd4 34.cxd4 e5 35.fxe5 dxe5 36.d5 e4
37.Kd2 Re5 38.Ke3 Rxg5 39.Kxe4 f6 40.Kd4 Re5 41.e4 Ra5 42.Rc1 Ra8 43.g5 Rxg5
44.Rf4 Re8 45.Rxf6 Rg4 46.Re1 h5 47.Nd3 Nh7 48.Re6 Rxe6 49.dxe6 Nf6 50.Ke5 Kg7
51.Nf4 Ne8 52.Rf1 h4 53.e7 Kh6 54.Ne6 h3 55.Rf8  1-0

[Event "Cappelle op"]
[Site "Cappelle la Grande"]
[Date "1995.??.??"]
[Round "3"]
[White "Nei, Iivo"]
[Black "Lanka, Zigurds"]
[Result "1/2-1/2"]
[WhiteElo "2420"]
[BlackElo "2510"]

1.d4 Nf6 2.Bg5 Ne4 3.Bf4 c5 4.f3 Nf6 5.dxc5 Nc6 6.e4 b6 7.Bb5 Bb7 8.e5 Nh5
9.Be3 Nxe5 10.cxb6 g6 11.Nc3 Bg7 12.Nge2 axb6  1/2-1/2

[Event "Cappelle op"]
[Site "Cappelle la Grande"]
[Date "1995.??.??"]
[Round "4"]
[White "Sokolovs, Andrei"]
[Black "Berg, Klaus"]
[Result "1-0"]
[WhiteElo "2520"]
[BlackElo "2420"]

1.d4 Nf6 2.Bg5 Ne4 3.Bh4 c5 4.Nd2 Nxd2 5.Qxd2 cxd4 6.Nf3 Qb6 7.O-O-O Nc6
8.Nxd4 Qxd4 9.Qxd4 Nxd4 10.Rxd4 h6 11.e4 g5 12.Bg3 Bg7 13.Rb4 d6 14.Bb5+ Kd8
15.Bc4 Rf8 16.h4 f5 17.exf5 Bxf5 18.hxg5 hxg5 19.Rxb7 Be4 20.Rb5 Bxg2 21.Rh2 Be4
22.Rxg5 Bf6 23.Ra5 Rc8 24.Bb3 Rc7 25.c3 Kd7 26.Kd2 Rb8 27.Bf4 Rbb7 28.Be3 d5
29.Ke2 Bc2 30.Bxc2 Rxb2 31.Rxd5+  1-0

[Event "Cappelle op"]
[Site "Cappelle la Grande"]
[Date "1995.??.??"]
[Round "5"]
[White "Meduna, Eduard"]
[Black "Lupu, Smaranda  B"]
[Result "1-0"]
[WhiteElo "2480"]
[BlackElo "2125"]

1.d4 Nf6 2.Bg5 Ne4 3.Bf4 d5 4.f3 Nf6 5.Nc3 Bf5 6.Qd2 e6 7.O-O-O Be7 8.g4 Bg6
9.h4 h6 10.Nh3 c5 11.dxc5 Nc6 12.Bd6 Bxd6 13.cxd6 Qa5 14.e4 O-O-O 15.g5 hxg5
16.hxg5 Nh5 17.exd5 exd5 18.Nf4 d4 19.Nxg6 dxc3 20.d7+ Kb8 21.Qd6+ Ka8 22.Nxh8 Qxa2
23.bxc3 g6 24.Bb5 Nb8 25.Qc7  1-0

[Event "Cappelle op"]
[Site "Cappelle la Grande"]
[Date "1995.??.??"]
[Round "7"]
[White "Miladinovic, Igor"]
[Black "Hennigan, Michael"]
[Result "1-0"]
[WhiteElo "2535"]
[BlackElo "2410"]

1.d4 Nf6 2.Bg5 Ne4 3.h4 d5 4.Nd2 Bf5 5.Nxe4 Bxe4 6.f3 h6 7.fxe4 hxg5 8.Nf3 e6
9.Qd3 c6 10.exd5 exd5 11.Nxg5 Be7 12.Rh3 Nd7 13.Qf5 Bf6 14.Re3+ Kf8 15.Nh7+ Kg8
16.Nxf6+ Nxf6 17.g3 Qd6 18.Bg2 Rh6 19.O-O-O Rg6 20.Rdd3 Re8 21.Re5 Rxe5 22.dxe5 Qd7
23.Bh3  1-0

[Event "Catania op"]
[Site "Catania"]
[Date "1995.??.??"]
[Round "2"]
[White "Zlochevskij, Alexander"]
[Black "Ljubisavljevic, Zivojin Z"]
[Result "1/2-1/2"]
[WhiteElo "2465"]
[BlackElo "2285"]

1.d4 Nf6 2.Bg5 Ne4 3.Bh4 g5 4.f3 gxh4 5.fxe4 c5 6.e3 Nc6 7.Nf3 Qb6 8.Nc3 e6
9.Bb5 cxd4 10.exd4 a6 11.Bxc6 bxc6 12.Qd2 Rg8 13.Nxh4 d5 14.O-O Be7 15.Nf3 dxe4
16.Nxe4 f5 17.Nc5 Bxc5 18.dxc5 Qxc5+ 19.Kh1 Bd7 20.b4 Qe7 21.Ne5 O-O-O 22.Qe2 Kb7
23.Nd3 Bc8 24.Rae1 Qg5 25.Rf2 Ka7 26.a4 Rd4 27.Qe5 Qg7 28.Qc5+ Ka8 29.h3 Rd5
30.Qb6 Qd4 31.Qxc6+ Bb7 32.Qxe6 Qg7 33.Nf4 Rd4 34.Qe5 Rxb4 35.Qxg7 Rxg7 36.Re5 Be4
37.a5 Rb5 38.Rxb5 axb5 39.Ne6 Ra7 40.a6 Re7 41.Nc5 Ka7 42.Kg1 Rc7 43.Nxe4 fxe4
44.Kf1 Kxa6 45.Ke1 e3 46.Re2 Rc3 47.g4 b4 48.Rg2 Kb5 49.g5 Rc4 50.h4 Rxh4
51.Ke2 Rh3 52.Kd3 Rf3  1/2-1/2

[Event "Celle Ligure op"]
[Site "Celle Ligure"]
[Date "1995.??.??"]
[Round "?"]
[White "Zichichi, Alvise"]
[Black "Esposito, Luca"]
[Result "1-0"]
[WhiteElo "2285"]
[BlackElo "2000"]

1.d4 Nf6 2.Bg5 Ne4 3.Bf4 c5 4.f3 Qa5+ 5.c3 Nf6 6.Nd2 cxd4 7.Nb3 Qf5 8.Bxb8 Rxb8
9.Qxd4 b6 10.e4 Qg5 11.Nh3 Qh4+ 12.Nf2 e6 13.Rd1 Be7 14.Qe5 Ra8 15.Be2 O-O
16.O-O d5 17.g3 Qh5 18.Qxh5 Nxh5 19.exd5 exd5 20.Rxd5 Nf6 21.Rd2 Bb7 22.Rfd1 a5
23.Nd4 g6 24.Nd3 Nd5 25.Ne5 Rfe8 26.Bb5 Rec8 27.Kf2 Bc5 28.Nd7 Rc7 29.Nxc5 Rxc5
30.Bf1 a4 31.a3 Ba6 32.Bxa6 Rxa6 33.Nf5 gxf5 34.Rxd5 Raa5 35.Rxc5 Rxc5 36.Rd4 b5
37.Ke3 Kg7 38.Kd3 Kf6 39.c4 Ke5 40.f4+ Ke6 41.Kc3 Rc8 42.Kb4 bxc4 43.Rxc4 Rb8+
44.Kc3 Rb3+ 45.Kc2 Rf3 46.Rxa4 Kd5 47.Ra5+ Kc4 48.Rxf5 Rf2+ 49.Kb1 Kb3 50.Rb5+ Kc4
51.Rb4+ Kc5 52.Rb7 Rxh2 53.Rxf7 h5 54.Ka2 Kc6 55.Rh7 Kd5 56.a4 Kc4 57.g4 h4
58.g5  1-0

[Event "Celle Ligure op"]
[Site "Celle Ligure"]
[Date "1995.??.??"]
[Round "?"]
[White "Zichichi, Alvise"]
[Black "Cazzaniga, Walter"]
[Result "1-0"]
[WhiteElo "2315"]
[BlackElo "2185"]

1.d4 Nf6 2.Bg5 Ne4 3.Bf4 d5 4.f3 Nf6 5.Nc3 c6 6.e4 g6 7.Qd2 Bg7 8.O-O-O Be6
9.Bh6 Bxh6 10.Qxh6 dxe4 11.fxe4 Qa5 12.d5 cxd5 13.exd5 Bg4 14.Rd4 Nbd7 15.h3 Bf5
16.Nf3 Nc5 17.Qe3 O-O 18.Nd2 Rfe8 19.g4 e5 20.Rc4  1-0

[Event "Ceske Budejovice op"]
[Site "Ceske Budejovice"]
[Date "1995.??.??"]
[Round "7"]
[White "Cech, Pavel"]
[Black "Kalod, Radek"]
[Result "1-0"]
[WhiteElo "2360"]
[BlackElo "2220"]

1.d4 Nf6 2.Bg5 Ne4 3.h4 c5 4.d5 Qb6 5.Nd2 Nxg5 6.hxg5 g6 7.e4 Qxb2 8.Rb1 Qe5
9.Ngf3 Qc7 10.e5 Bg7 11.Qe2 d6 12.Qb5+ Kd8 13.Nc4 Nd7 14.Qb2 dxe5 15.Rd1 h5
16.gxh6 Rxh6 17.Rxh6 Bxh6 18.Nfxe5 Nxe5 19.Nxe5 Qa5+ 20.Ke2 Qa6+ 21.Ke1 Qa5+
22.Ke2 Qa6+ 23.c4 Kc7 24.Qb5 Qxb5 25.cxb5 Bd7 26.a4 Be8 27.Kf3 Rd8 28.Nc4 Bg7
29.Re1 Bf6 30.Ke4 e6 31.Ne3 Bd7 32.Rd1 Bd4 33.Bc4 Bc8 34.dxe6 fxe6 35.Rh1 Rf8
36.Rh7+ Kb6 37.Be2 Rxf2 38.Nc4+  1-0

[Event "Chambery"]
[Site "Chambery"]
[Date "1995.??.??"]
[Round "?"]
[White "Flear, Christine"]
[Black "Regan, Natasha"]
[Result "1-0"]
[WhiteElo "2235"]
[BlackElo "2140"]

1.d4 Nf6 2.Bg5 Ne4 3.Bf4 c5 4.f3 Qa5+ 5.c3 g5 6.Bxb8 Nxc3 7.Qd2 Rxb8 8.Qxc3 Qd8
9.Qxc5 d6 10.Qxg5 Qb6 11.Nc3 Bd7 12.Qd2 h5 13.e3 Bh6 14.f4 a6 15.Nf3 Qd8
16.Rc1 e6 17.Bd3 Rg8 18.O-O e5 19.dxe5 Bh3 20.Rf2 dxe5 21.Nxe5  1-0

[Event "Copenhagen op17"]
[Site "Copenhagen"]
[Date "1995.??.??"]
[Round "1"]
[White "Schneider, Stefan"]
[Black "Emms, John M"]
[Result "0-1"]
[WhiteElo "2210"]
[BlackElo "2500"]

1.d4 Nf6 2.Bg5 Ne4 3.Bf4 d5 4.Nd2 Bf5 5.e3 Nd7 6.Nxe4 Bxe4 7.Ne2 e6 8.Ng3 Bg6
9.h4 h6 10.h5 Bh7 11.Bd3 Bxd3 12.Qxd3 Bd6 13.Bxd6 cxd6 14.e4 O-O 15.O-O-O dxe4
16.Nxe4 d5 17.Nd2 Rc8 18.g4 Qf6 19.Qe3 e5 20.Nf3 Rfe8 21.Nh4 exd4 22.Qxd4 Re2
23.c3 Rxf2 24.Nf5 Qxd4 25.Rxd4 Re8 26.Rxd5 Nf6 27.Rd2 Nxg4 28.Rxf2 Nxf2 29.Rh2 Ne4
30.Rg2 Re5 31.Nxh6+ Kf8 32.Ng4 Rxh5 33.Ne3 g6 34.Kc2 Kg7 35.c4 Rh3 36.Kd3 Nc5+
37.Kd4 Ne6+ 38.Ke4 Nc5+ 39.Kd4 Ne6+ 40.Ke4 Kf8 41.Rf2 f5+ 42.Nxf5 gxf5+ 43.Rxf5+ Ke7
44.Rf2 Rh4+ 45.Kd3 Nc5+  0-1

[Event "Copenhagen op17"]
[Site "Copenhagen"]
[Date "1995.??.??"]
[Round "2"]
[White "Fries Nielsen, Jens Ove"]
[Black "Hellsten, Johan"]
[Result "1-0"]
[WhiteElo "2420"]
[BlackElo "2420"]

1.d4 Nf6 2.Bg5 Ne4 3.h4 h6 4.Bf4 d5 5.e3 Bf5 6.Bd3 e6 7.g4 Bh7 8.f3 Nd6 9.Bxh7 Rxh7
10.Qd3 Rh8 11.Nd2 Nc6 12.c3 Qd7 13.Ne2 O-O-O 14.O-O-O Na5 15.Bxd6 Bxd6 16.f4 h5
17.g5 g6 18.Kb1 Kb8 19.Rc1 Rc8 20.b4 Nc6 21.a3 Ne7 22.c4 dxc4 23.Nxc4 Rhd8
24.e4 Nc6 25.Rhd1 Qe8 26.Qb3 a6 27.Ne3 Bf8 28.e5 Ne7 29.Nc3 Qc6 30.d5 exd5
31.Ncxd5 Qe6 32.Ka2 Nf5 33.Nxf5 Qxf5 34.Qc4 Qh3 35.Rd3 Qe6 36.Rcd1 b5 37.Qb3 c5
38.bxc5 Rxc5 39.Kb2 Rdc8 40.Nb4 Qb6 41.Rd6 Bxd6 42.Rxd6 R5c6 43.Nxc6+ Rxc6
44.Rxc6 Qxc6 45.Qxf7 a5 46.e6 Qd5 47.Qd7 Qg2+ 48.Kc3 b4+ 49.axb4 Qf3+ 50.Kc4 Qxf4+
51.Kd5 Qf5+ 52.Kc6 Qe4+ 53.Qd5 Qc2+ 54.Qc5 Qe4+ 55.Kd7 Qb7+ 56.Kd8 Qxb4 57.Qxb4+ axb4
58.e7  1-0

[Event "Copenhagen K41"]
[Site "Copenhagen"]
[Date "1995.??.??"]
[Round "2"]
[White "Rausis, Igors"]
[Black "Antonsen, Mikkel"]
[Result "0-1"]
[WhiteElo "2495"]
[BlackElo "2400"]

1.d4 Nf6 2.Bg5 Ne4 3.Bh4 c5 4.Nd2 Nxd2 5.Qxd2 cxd4 6.Nf3 Nc6 7.Nxd4 Qb6 8.O-O-O g6
9.Nxc6 bxc6 10.Qc3 f6 11.e4 Bh6+ 12.Kb1 O-O 13.Bc4+ Kh8 14.e5 Bg7 15.Bg3 f5
16.Qa3 Rb8 17.Bb3 c5 18.Rhe1 Ba6 19.Rxd7 c4 20.Qxe7 Rg8 21.e6 Qa5 22.c3 f4
23.Bxf4 Qf5+ 24.Bc2 Qxf4 25.Rxa7 Qd2 26.Re3 Qxf2  0-1